Märchen der Gebrüder Grimm 1 (Record no. 249305)
[ view plain ]
| 000 -LEADER | |
|---|---|
| fixed length control field | 03201cam a22002533a 4500 |
| 001 - CONTROL NUMBER | |
| control field | 20050 |
| 003 - CONTROL NUMBER IDENTIFIER | |
| control field | PGUSA |
| 005 - DATE AND TIME OF LATEST TRANSACTION | |
| control field | 20140828083426.0 |
| 008 - FIXED-LENGTH DATA ELEMENTS--GENERAL INFORMATION | |
| fixed length control field | 061209s2006||||xxu|||||s|||||000 | eng d |
| 040 ## - CATALOGING SOURCE | |
| Original cataloging agency | PGUSA |
| Language of cataloging | eng |
| 042 ## - AUTHENTICATION CODE | |
| Authentication code | dc |
| 050 #4 - LIBRARY OF CONGRESS CALL NUMBER | |
| Classification number | GR |
| 050 #4 - LIBRARY OF CONGRESS CALL NUMBER | |
| Classification number | PT |
| 100 1# - MAIN ENTRY--PERSONAL NAME | |
| Personal name | Grimm, Wilhelm, |
| Dates associated with a name | 1786-1859 |
| 245 10 - TITLE STATEMENT | |
| Title | Märchen der Gebrüder Grimm 1 |
| Medium | [electronic resource] / |
| Statement of responsibility, etc | Wilhelm Grimm |
| 260 ## - PUBLICATION, DISTRIBUTION, ETC. (IMPRINT) | |
| Name of publisher, distributor, etc | Project Gutenberg, |
| Date of publication, distribution, etc | 2006 |
| 505 0# - FORMATTED CONTENTS NOTE | |
| Formatted contents note | # 114 Die Erbsenprobe - 00:05:13 -- Read by: Rainer -- -- # 120 Die Haselrute - 00:01:43 -- Read by: Rainer -- -- # 122 Die Kornähre - 00:01:52 -- Read by: Rainer -- -- # 123 Die Kristallkugel - 00:06:55 -- Read by: Rainer -- -- # 124 Die Lebenszeit - 00:04:18 -- Read by: Rainer -- -- # 126 Die Nixe im Teich - 00:13:15 -- Read by: Stefan Schmelz -- -- # 130 Die Schlickerlinge - 00:01:40 -- Read by: Rainer -- -- # 131 Die Scholle - 00:02:03 -- Read by: Rainer -- -- # 132 Die Sterntaler - 00:02:26 -- Read by: Rainer -- -- # 134 Die Wassernixe - 00:02:26 -- Read by: Rainer -- -- # 135 Die Wichtelmänner - 00:03:47 -- Read by: Felix -- -- # 144 Drei Männlein im Walde - 00:12:51 -- Read by: Stephan Gambke -- -- # 145 Drei Schlangenblätter - 00:08:23 -- Read by: Stephan Gambke -- -- # 146 Drei Spinnerinnen - 00:05:55 -- Read by: Stephan Gambke -- -- # 148 Die drei grünen Zweige - 00:06:44 -- Read by: Rainer -- -- # 160 Die sieben Raben - 00:06:37 -- Read by: Oliver Lucas -- -- # 163 Die ungleichen Kinder Evas - 00:05:35 -- Read by: Rainer -- -- # 166 Die weiße Schlange - 00:09:45 -- Read by: Stephan Gambke -- -- # 171 Die zwölf Brüder - 00:11:57 -- Read by: Stephan Gambke -- -- # 180 Frau Holle - 00:06:08 -- Read by: Felix -- -- # 185 Hänsel und Gretel - 00:16:30 -- Read by: Stephan Gambke -- -- # 188 Hans im Glück - 00:13:23 -- Read by: Oliver Lucas -- -- # 191 Jorinde und Joringel - 00:06:29 -- Read by: Felix -- -- # 193 König Drosselbart - 00:09:12 -- Read by: Felix -- -- # 194 Katze und Maus in Gesellschaft - 00:06:41 -- Read by: Stephan Gambke -- -- # 200 Fürchten lernen - 00:23:54 -- Read by: AliceG -- -- # 202 Meister Pfriem - 00:08:41 -- Read by: Stefan Schmelz -- -- # 203 Muttergottesgläschen - 00:01:31 -- Read by: Stefan Schmelz -- -- # 206 Rapunzel - 00:09:02 -- Read by: Stephan Gambke -- -- # 207 Rohrdommel und Wiedehopf - 00:02:04 -- Read by: Stefan Schmelz -- -- # 208 Rotkäppchen - 00:09:25 -- Read by: Oliver Lucas -- -- # 209 Rumpelstilzchen - 00:07:29 -- Read by: Stefan Schmelz -- -- # 210 Schneeweisschen und Rosenrot - 00:16:12 -- Read by: Stefan Schmelz -- -- # 214 Spindel, Weberschiffchen und Nadel - 00:07:17 -- Read by: Stefan Schmelz -- -- # 215 Strohhalm, Kohle und Bohne - 00:03:33 -- Read by: Stephan Gambke -- -- # 219 Vom Fischer und seiner Frau - 00:21:53 -- Read by: Stefan Schmelz -- -- # 220 Vom klugen Schneiderlein - 00:07:49 -- Read by: Stefan Schmelz -- -- # 222 Von dem Mäuschen, Vögelchen und der Bratwurst - 00:04:23 -- Read by: Stephan Gambke |
| 506 ## - RESTRICTIONS ON ACCESS NOTE | |
| Terms governing access | Public domain in the USA. |
| 516 ## - TYPE OF COMPUTER FILE OR DATA NOTE | |
| Type of computer file or data note | Electronic text |
| 653 ## - INDEX TERM--UNCONTROLLED | |
| Uncontrolled term | Fairy tales -- Germany |
| 830 #0 - SERIES ADDED ENTRY--UNIFORM TITLE | |
| Uniform title | Project Gutenberg |
| Volume number/sequential designation | 20050 |
| 856 40 - ELECTRONIC LOCATION AND ACCESS | |
| Uniform Resource Identifier | <a href="http://www.gutenberg.org/ebooks/20050">http://www.gutenberg.org/ebooks/20050</a> |
| 942 ## - ADDED ENTRY ELEMENTS (KOHA) | |
| Koha item type | eBooks |
| Withdrawn status | Lost status | Damaged status | Home library | Current library | Date acquired | Total Checkouts | Date last seen | Price effective from | Koha item type |
|---|---|---|---|---|---|---|---|---|---|
| Project Gutenberg | Project Gutenberg | 08/28/2014 | 08/28/2014 | 08/28/2014 | eBooks |